Municipios de Segovia en un mapa - Estadísticas

Estadísticas generales
  • Esta prueba ha sido intentada 80 veces
  • La puntuación promedio es 46 de 211
Respuestas en el mapa
Las respuestas están codificadas por una escala verde-roja en el mapa de la prueba según el % correcto abajo.
 
Estadísticas de respuestas
Respuesta % Correcto
Cuéllar
95%
Segovia
95%
Riaza
81%
El Espinar
78%
Pedraza
78%
Real Sitio de San Ildefonso
78%
Ayllón
76%
Sepúlveda
76%
Cantalejo
73%
Coca
73%
Turégano
65%
Cerezo de Abajo
62%
Cerezo de Arriba
62%
La Lastrilla
62%
Nava de la Asunción
59%
Santa María la Real de Nieva
59%
Cantimpalos
57%
Torrecaballeros
57%
Carbonero el Mayor
54%
Nieva
54%
Villacastín
54%
Ortigosa del Monte
51%
Otero de Herreros
51%
Abades
49%
Bernuy de Porreros
49%
San Cristóbal de Segovia
49%
Santo Tomé del Puerto
49%
Fuentidueña
46%
Maderuelo
46%
Navafría
43%
Palazuelos de Eresma
43%
Valverde del Majano
43%
Casla
41%
Navas de Oro
41%
Prádena
41%
Zarzuela del Monte
41%
Arcones
38%
Navalmanzano
38%
Navas de Riofrío
38%
Sacramenia
38%
San Miguel de Bernuy
38%
Trescasas
38%
Collado Hermoso
35%
Espirdo
35%
Fuentepelayo
35%
La Losa
35%
Lastras de Cuéllar
35%
Zarzuela del Pinar
35%
Adrados
32%
Cabezuela
32%
Chañe
32%
Codorniz
32%
Mozoncillo
32%
Valseca
32%
Boceguillas
30%
Martín Miguel
30%
Navares de Enmedio
30%
Bernardos
27%
Hontanares de Eresma
27%
Migueláñez
27%
Montejo de la Vega de la Serrezuela
27%
Muñopedro
27%
Vegas de Matute
27%
Aguilafuente
24%
Gallegos
24%
Marugán
24%
Matabuena
24%
Navalilla
24%
Navas de San Antonio
24%
Sanchonuño
24%
San Cristóbal de Cuéllar
24%
Tabanera la Luenga
24%
Anaya
22%
Añe
22%
Cuevas de Provanco
22%
Encinillas
22%
Fuenterebollo
22%
Gomezserracin
22%
La Matilla
22%
Marazuela
22%
Olombrada
22%
Orejana
22%
Puebla de Pedraza
22%
Sotosalbos
22%
Calabazas de Fuentidueña
19%
Garcillán
19%
Grajera
19%
Hontalbilla
19%
Juarros de Voltoya
19%
Muñoveros
19%
Sebúlcor
19%
Urueñas
19%
Venganzones
19%
Villaverde de Íscar
19%
Aldeanueva de la Serrezuela
16%
Aldea Real
16%
Escobar de Polendos
16%
Juarros de Riomoros
16%
Sotillo
16%
Torreiglesias
16%
Aldealcorvo
14%
Aldeasoña
14%
Arahuetes
14%
Bercial
14%
Cabañas de Polendos
14%
Carabias
14%
Duruelo
14%
Fuentesoto
14%
Honrubia de la Cuesta
14%
Ituero y Lama
14%
Marazoleja
14%
Martín Muñoz de las Posadas
14%
Pinarejos
14%
Riofrío de Riaza
14%
Torreadrada
14%
Torre Val de San Pedro
14%
Valdeprados
14%
Vallelado
14%
Armuña
11%
Castro de Fuentidueña
11%
Castrojimeno
11%
Escalona del Prado
11%
Escarabajosa de Cabezas
11%
Fuente el Olmo de Fuentidueña
11%
Fuentesaúco de Fuentidueña
11%
Laguna de Contreras
11%
Martín Muñoz de la Dehesa
11%
Monterrubio
11%
Perosillo
11%
Remondo
11%
Roda de Eresma
11%
Sauquillo de Cabezas
11%
Valtiendas
11%
Yanguas de Eresma
11%
Aldehuela del Codonal
8%
Barbolla
8%
Bercimuel
8%
Brieva
8%
Campo de San Pedro
8%
Carrascal del Río
8%
Castillejo de Mesleón
8%
Castroserracín
8%
Cobos de Fuentidueña
8%
Cozuelos de Fuentidueña
8%
Domingo García
8%
Fresno de Cantespino
8%
Frumales
8%
Fuentepiñel
8%
Labajos
8%
Lastras del Pozo
8%
Mata de Cuéllar
8%
Pinarnegrillo
8%
Sangarcía
8%
San Pedro de Gaíllos
8%
Santiuste de San Juan Bautista
8%
Santo Domingo de Pirón
8%
Torrecilla del Pinar
8%
Villeguillo
8%
Aldealengua de Santa María
5%
Aldeanueva del Codonal
5%
Aldehorno
5%
Aldeonte
5%
Castroserna de Abajo
5%
Cedillo de la Torre
5%
Condado de Castilnovo
5%
Corral de Ayllón
5%
Cubillo
5%
Fuente de Santa Cruz
5%
Fuente el Olmo de Íscar
5%
Languilla
5%
Los Huertos
5%
Melque de Cercos
5%
Membibre de la Hoz
5%
Moral de Hornuez
5%
Navares de Ayuso
5%
Navares de las Cuevas
5%
Rapariegos
5%
Ribota
5%
Valdevacas de Montejo
5%
Valleruela de Sepúlveda
5%
Ventosilla y Tejadilla
5%
Adrada de Pirón
3%
Alconada de Maderuelo
3%
Aldealengua de Pedraza
3%
Basardilla
3%
Caballar
3%
Cilleruelo de San Mamés
3%
Donhierro
3%
Encinas
3%
Fresneda de Cuéllar
3%
Fresno de la Fuente
3%
Ortigosa de Pestaño
3%
Pajarejos
3%
Pelayos del Arroyo
3%
Rebollo
3%
Riaguas de San Bartolomé
3%
San Cristóbal de la Vega
3%
San Martín y Mudrián
3%
Valdevacas y Guijar
3%
Valleruela de Pedraza
3%
Villaverde de Montejo
3%
Arevalillo de Cega
0%
Comunidad de Sepúlveda y Riaza
0%
Montejo de Arévalo
0%
Samobal
0%
Santa María del Cerro
0%
Santiuste de Pedraza
0%
Seguera de Fresno
0%
Tolocirio
0%
Valle de Tabladillo
0%
No se encontraron pruebas coincidentes
Distribución de puntuación
Porcentaje de gente con cada puntuación
Porcentaje por número respondido
Historial de tus puntuaciones
No has intentado esta prueba.